000 00277nam a2200085Ia 4500
008 220120s9999||||xx |||||||||||||| ||und||
100 _aAiyappa, C.K and Mohith Nachappa
_912213
245 0 _aGSM based controlling of device
260 _aCoorg Institute of Technology
_bPonnampet
_c2009
999 _c137799
_d137799